000 00829nam a2200253Ia 4500
003 OSt
005 20220923215709.0
006 a|||||r|||| 00| 0
007 ta
008 220922b |||||||| |||| 00| 0 hin d
024 _a180,963
037 _cTextual
040 _aARTS
_cARTS
_bhin
041 _2hin
_ahin
082 _aO152,1N265,1, K2
100 _aभटनागर, महेन्द्र
_9156292
245 0 _aजिजीविधा
246 _aJijīvidhā
260 _aवाराणसी
_b हिन्दी प्रचारक पुस्तकालय
_c1962
300 _a87 पृ.
_ccm.
650 _aहिन्दी साहित्य
_9156264
942 _hO152,1N265,1, K2
_cTEXL
_2CC
999 _c334341
_d334341